|
|
|
|
| LEADER |
00000nam0a2200000 4500 |
| 001 |
185833 |
| 005 |
20231031173123.0 |
| 035 |
|
|
|a (RuTPU)RU\TPU\book\201646
|
| 090 |
|
|
|a 185833
|
| 100 |
|
|
|a 20101016d1970 m y0rusy50 ca
|
| 101 |
0 |
|
|a rus
|
| 102 |
|
|
|a RU
|
| 105 |
|
|
|a a z 001zy
|
| 200 |
1 |
|
|a Динамическое разрушение горных пород при вдавливании
|f Б. А. Жлобинский
|
| 210 |
|
|
|a Москва
|c Недра
|d 1970
|
| 215 |
|
|
|a 152 с.
|c ил.
|
| 320 |
|
|
|a Библиогр.: с. 143-149.
|
| 610 |
1 |
|
|a горные породы
|
| 610 |
1 |
|
|a разрушение
|
| 610 |
1 |
|
|a испытания
|
| 610 |
1 |
|
|a усталостное разрушение
|
| 610 |
1 |
|
|a объемное разрушение
|
| 675 |
|
|
|a 622.21
|v 3
|
| 700 |
|
1 |
|a Жлобинский
|b Б. А.
|g Борис Александрович
|
| 801 |
|
1 |
|a RU
|b 63413507
|c 20101016
|
| 801 |
|
2 |
|a RU
|b 63413507
|c 20101227
|g RCR
|
| 942 |
|
|
|c BK
|